| 000 | nam a22 7a 4500 | ||
|---|---|---|---|
| 999 |
_c15284 _d15284 |
||
| 008 | 161028b xxu||||| |||| 00| 0 eng d | ||
| 020 | _a9781284001464 | ||
| 050 | _aRA 425 .F54 2013 | ||
| 100 | _aFleming, Sherry D. | ||
| 245 |
_aPublic health biology / _c Sherry D. Fleming. |
||
| 260 |
_aBurlington,MA. : _bJones & Bartlett Learning, _c2013. |
||
| 300 |
_aii, 428p. : _bill. ; _c28cm. |
||
| 500 | _aInclude bibliography and index. | ||
| 650 | _aPublic health. | ||
| 650 | _a Health promotion. | ||
| 650 | _a Medicine, Preventive. | ||
| 942 |
_2lcc _cBOOKS _hRA 425 .F54 2013 |
||